header

The comforts of home (Record no. 2068)

MARC details
000 -LEADER
fixed length control field 01441nam a2200361Ia 4500
082 04 - DEWEY DECIMAL CLASSIFICATION NUMBER
Classification number 306.74/2/0967625
100 1# - MAIN ENTRY--AUTHOR NAME
Personal name White, Luise.
245 14 - TITLE STATEMENT
Title The comforts of home
260 ## - PUBLICATION, DISTRIBUTION, ETC. (IMPRINT)
Place of publication Chicago :
Name of publisher University of Chicago Press,
Year of publication c1990.
300 ## - PHYSICAL DESCRIPTION
Number of Pages xiii, 285 p. :
Other physical details maps.
650 #0 - SUBJECT ADDED ENTRY--TOPICAL TERM
Topical Term Prostitution
Topical Term Women
Topical Term Working class women
856 40 - ELECTRONIC LOCATION AND ACCESS
Uniform Resource Identifier http://site.ebrary.com/lib/rucke/Doc?id=10286159

No items available.

© 2026 Rongo University
Contact us: librarian | system librarian | Rongo university